Le despotisme oriental : etude comparative du pouvoir total

Αποθηκεύτηκε σε:
Λεπτομέρειες βιβλιογραφικής εγγραφής
Κύριος συγγραφέας: Wittfogel, Karl A.
Άλλοι συγγραφείς: Pouteau, Micheline (trlf)
Μορφή: Βιβλίο
Γλώσσα:French
English
Δημοσίευση: Paris : Minuit, 1977.
Σειρά:Arguments
Θέματα:
Ετικέτες: Προσθήκη ετικέτας
Δεν υπάρχουν, Καταχωρήστε ετικέτα πρώτοι!

MARC

LEADER 00000cam a2200000 i 4500
001 1/2938
008 960306s1977 fr | ||| |||| ||fre||
020 |a 2707301973 
035 |l 10015042 
040 |a GR-MyUA  |b gre  |e AACR2 
041 1 |a fre  |h eng 
082 0 |a 321.6 
100 1 |a Wittfogel, Karl A. 
245 1 3 |a Le despotisme oriental :   |b etude comparative du pouvoir total /   |c Karl A. Wittfogel ; traduit de l'anglais par Micheline Pouteau.  
260 |a Paris :   |b Minuit,   |c 1977.  
300 |a 655 σ. 
490 1 |a (Arguments)  
500 |a Τίτλος πρωτοτύπου: Oriental despotism, a comparative study of total power.  
504 |a Περιέχει βιβλιογραφικές αναφορές και ευρετήριο.  
650 0 0 |a Despotism. 
650 0 0 |a Civilization, Oriental. 
700 1 |a Pouteau, Micheline,  |e trlf 
830 0 |a Arguments 
852 |a INST  |b LESVOS  |e 19960306  |h 321.6 WIT  |p 005100007047  |q 005100007047  |t BK  |y 0 
909 |a Λ  |b 033998